000 00307 a2200109 4500
001 ART_33059
005 20260410161926.0
008 260409a
245 1 0 _aOperaciones a fijar precio segĂșn futuros
100 1 _aOuvrard, Gustavo
773 0 _tLecturas
_g- NÂș 11 (ene. 2008)
_wREV19328
999 _c28191
_d28191